000 04689nab a2200337 i 4500
003 BR-BrBNA
005 20250609121058.0
008 250609b2019 bl.ar|pooa||| 00| 0 por d
040 _aBR-BrBNA
_bpor
072 _aF01
_b1600
100 _aSampaio, ìtalo Marlone Gomes
100 _aGuimarães, Marcelo de Almeida
100 _aLemos Neto, Hozano de Souza
100 _aMaia, Celly de Lima
100 _aViana, Caris dos Santos
100 _aGusmão, Sérgio Antônio Lopes de
245 _aRecipientes e densidades de semeadura combinadas com o tempo na produção de mudas de jambu
500 _a Publicação online; 23 ref.; 7 illus.; Summaries (En, Pt)
520 _a RESUMO: A cultura do jambu possui significativa importância na culinária e medicina popular da Região Norte do Brasil. Apesar disso, a espécie ainda enfrenta problemas relacionados à determinação de aspectos fitotécnicos básicos para a sua produção. Objetivou-se neste trabalho investigar a qualidade de mudas de jambu produzidas em recipientes com diferentes volumes e densidades de semeadura ao longo do tempo. Para isso, foram montados dois ensaios simultâneos em ambiente protegido. Utilizou-se o delineamento em blocos ao caso em esquema fatorial para ambos os ensaios. No primeiro ensaio os fatores avaliados foram dois recipientes (bandeja de 162 e 200 células) em quatro datas de avaliação (10, 15, 20 e 25 dias após a semeadura). Já no segundo ensaio avaliou-se três densidades de semeadura (duas, quatro e seis plantas célula-1) em quatro datas (10, 15, 20 e 25 dias após a semeadura). As características avaliadas foram: comprimento da parte aérea, comprimento do sistema radicular, comprimento total da planta, diâmetro do coleto, massa fresca da parte aérea e do sistema radicular, massa seca da parte aérea e do sistema radicular, porcentagem de sobrevivência no quinto e décimo dia após o transplantio e o índice de qualidade de Dickson. A bandeja de 162 células foi a que possibilitou as melhores condições para o crescimento, o desenvolvimento e a qualidade das mudas de jambu. Considerando-se os valores individuais obtidos para cada caractere das plantas avaliadas para as diferentes densidades testadas, a densidade de duas plântulas célula-1 foi a que possibilitou a obtenção dos melhores resultados individuais por planta. PALAVRAS-CHAVE: Acmella oleracea (L.) R. K. Jansen, Índice de qualidade de Dickson, Bandeja de polietileno
520 _a ABSTRACT: Jambu production has significant importance in the culinary and popular medicine of the northern region of Brazil. Despite the above, the species still faces problems related to the determination of basic phytotechnical aspects for its production. The objective of this study was to investigate the quality of jambu seedlings produced in containers with different volumes and seeding densities over time. For this, two simultaneous tests were set up in a protected environment. Block design was used in a factorial scheme for both tests. For the first test, the evaluated factors were two containers (162 and 200 cell tray) at four evaluation dates (10, 15, 20 and 25 days after sowing). For the second test, three sowing densities (two, four and six cell plants-1) were evaluated at four dates (10, 15, 20 and 25 days after sowing). The evaluated characteristics were: length of the aerial part, root length, total plant length, collection diameter, fresh shoot and root mass, dry mass of the aerial part and of the root system, percentage of survival on the fith and tenth day after transplanting, and the Dickson quality index. The tray of 162 cells was the one that allowed the best conditions for the growth, development and quality of jambu seedlings. Considering the individual values obtained for each characteristic of the plants evaluated for the different densities tested, the density of two cell-1 seedlings was the one that allowed to obtain the best individual results per plant. KEYWORDS: Acmella oleracea (L.) R. K. Jansen, Dickson quality index, Polyethylene trays
650 _aJAMBU
650 _aHORTALIÇA FOLHOSA
650 _aMUDA
650 _aDENSIDADE DE SEMEADURA
650 _aRECIPIENTE DE PLANTA
650 _aPRODUÇÃO VEGETAL
773 0 _03551
_9345997
_dBelém-PA Faculdade de Ciências Agrárias do Pará 1999
_o2024-6646
_tRevista de Ciências Agrárias (Brazil)
_x1517-591X Impresso/Versão online ISSN 2177-8760
_gv. 62 p. 1-10; (2019)
_wBR2025001452
856 _uhttps://ajaes.ufra.edu.br/index.php/ajaes/article/view/2996/1562
942 _cANA
999 _c331958
_d331958